000 00614nam a22001457a 4500
008 131219b xxu||||| |||| 00| 0 eng d
020 _a9966087923
050 _aBX870.E8 2005
100 _aFrancis I
_96043
245 _aThe Joy of the Gospel
_bApostolic exhortation evangelii gaudium of the Holy Farther Francis to the bishops, clergy, consecrated persons and the lay faithful on the proclamation of the gospel in today;s world /
_cFrancis I
260 _aNairobi
_bPaulines Publications Africa
_c2013
300 _a144p.;
_c21cm.
440 _aThe Pope Speaks Series
_nNo. 50
_96044
942 _2lcc
_cMONOGRAPH
_09
999 _c119378
_d119378